000
00437nam a2200133Ia 4500
008
151001s9999||||xx |||||||||||||| ||und||
100
_a
मान चंद खंडेला
245
_a
वैज्ञानिक राष्ट्रपती डॉ.अब्दुल कलाम
250
_a
1
260
_b
आविस्कार पब्लिशर्स
260
_c
2003
300
_a
170
365
_b
21
999
_c
983469
_d
983466